Statistics for Portuguese History A-Z

Click here to take the quiz!

General Stats

  • This quiz has been taken 60 times
  • The average score is 10 of 17

Answer Stats

Hint.Answer% Correct
AWhat Islands are in the Atlantic.Azores
94%
NThis French Emperor Invades Portugal.Napoleon
94%
BPortugal's Biggest Colony. Located in South America.Brazil
89%
MThis was given to China in 1999.Macau
89%
GIndian State ruled by Portugal.Goa
83%
WIn 1915 Portugal Entered what war?World War 1
81%
VThis Navigator Finds a new way to India.Vasco Da Gama
79%
JIs considered the Greatest Portuguese Monarch of all time.John II
57%
LRoman Name for PortugalLusitania
57%
TPortugal's Empire was mainly focusing on what?Trade
53%
UIslamic Caliphate that Invaded in 711.Umayyad
47%
OPortugal's RivalOttoman Empire
45%
EKnown as Duarte in Portuguese.Edward
36%
HDynasty of Portugal 1580-1640.Habsburg
34%
CBy Conquering this, the Portuguese Empire StartedCeuta
30%
RPortugal Conquered the Algarves: The _______ Ends.Reconquista
26%
DKing 1279-1325Denis
21%

Score Distribution

Percentile by Number Answered

Percent of People with Each Score

Your Score History

You have not taken this quiz